Statistiques concernant Pokémon PWT-Tournoi Mix & Mix Master

Cliquez ici pour prendre le quiz!

Statistiques générales

  • Ce quiz a été pris 15 fois
  • Le résultat moyen est 94 sur 120

Statistiques - réponses

TournoisDresseursPokémon% Correct
Topdresseur BlaiseAéroptéryx
100%
Altaria
100%
StryknaBrutapode
100%
Clamiral
100%
Crabaraque
100%
Crocorible
100%
Drakkarmin
100%
Drattak
100%
Emolga
100%
Fermite
100%
Frison
100%
Gaulet
100%
Golemastoc
100%
Lakmécygne
100%
Lançargot
100%
Libégon
100%
Limaspeed
100%
BiancaMajaspic
100%
ArtieManternel
100%
Tournoi Mix | Tournoi Mix MasterTcherenMastouffe
100%
Mégapagos
100%
Miasmax
100%
BardaneMinotaupe
100%
Miradar
100%
AmanaMoyade
100%
Mushana
100%
Mygavolt
100%
Nostenfer
100%
Ohmassacre
100%
Pashmilla
100%
Pharamp
100%
Porygon-Z
100%
Roitiflam
100%
WatsonTranchodon
100%
Trioxhydre
100%
Wailord
100%
IneziaZéblitz
100%
Apireine
80%
Baggaïd
80%
Batracné
80%
Coatox
80%
Crapustule
80%
Crustabri
80%
Kinésiste JulioCryptéro
80%
Déflaisan
80%
Drascore
80%
Feuiloutan
80%
Flamoutan
80%
Flotoutan
80%
Gueriaigle
80%
Karatéka WakizaJudokrak
80%
Combattante JaneKaraclée
80%
Limonde
80%
Mammochon
80%
Mangriff
80%
Maraiste
80%
Morphéo
80%
Nanméouïe
80%
Rhinolove
80%
Scarhino
80%
Smogo
80%
Tadmorv
80%
Tutankafer
80%
Vaututrice
80%
Topdresseuse VictoriaCarapagos
60%
Coudlangue
60%
Escroco
60%
Funécire
60%
Géolithe
60%
Grodrive
60%
Kaorine
60%
Lainergie
60%
Scientifique KatiaLockpin
60%
Luxray
60%
Mamanbo
60%
Nosferalto
60%
Nucléos
60%
Ouvrifier
60%
Polarhume
60%
Scrutella
60%
Sorbébé
60%
Staross
60%
Tic
60%
Caninos
40%
Chacripan
40%
Colombeau
40%
Vénérable FidelFarfaduvet
40%
Vénérable MonaFragilady
40%
Grindur
40%
Grotichon
40%
Incisache
40%
Lewsor
40%
BiancaLianaja
40%
Mateloutre
40%
Séviper
40%
Simularbre
40%
Tarinor
40%
Viskuse
40%
Vivaldaim
40%
Scientifique AlessandroAkwakwak
20%
Furaiglon
20%
Kinésiste CoryM.Mime
20%
Vostourno
20%

Distribution des résultats

Percentile par nombre de réponses

% des personnes avec chaque résultat

Votre développement - résultats

Vous n’avez pas pris ce quiz